Political anthropology
Αποθηκεύτηκε σε:
| Κύριος συγγραφέας: | |
|---|---|
| Άλλοι συγγραφείς: | |
| Μορφή: | Βιβλίο |
| Γλώσσα: | English French |
| Δημοσίευση: |
Harmondsworth Middlesex, England :
Penguin Books,
1972.
|
| Θέματα: | |
| Ετικέτες: |
Προσθήκη ετικέτας
Δεν υπάρχουν, Καταχωρήστε ετικέτα πρώτοι!
|
MARC
| LEADER | 00000cam a2200000 i 4500 | ||
|---|---|---|---|
| 001 | 1/25739 | ||
| 008 | 060308s1972 enk| ||| |||| ||eng|| | ||
| 020 | |a 014021397- | ||
| 035 | |l 10082987 | ||
| 040 | |a GR-MyUA |b gre |e AACR2 | ||
| 041 | 1 | |a eng |h fre | |
| 082 | 0 | |a 306.2 |2 (22) | |
| 100 | 1 | |a Balandier, Georges. | |
| 245 | 1 | 0 | |a Political anthropology / |c Georges Balandier ; translated by A. M. Sheridan Smith. |
| 260 | |a Harmondsworth Middlesex, England : |b Penguin Books, |c 1972. | ||
| 300 | |a 214 σ. ; |c 18 εκ. | ||
| 504 | |a Περιέχει βιβλιογραφία (σ. 197-205) και ευρετήρια. | ||
| 650 | 0 | 0 | |a Political anthropology. |
| 700 | 1 | |a Sheridan, Alan, |e trl | |
| 765 | 0 | 8 | |i Μετάφραση του: |t Anthropologie politique / |
| 852 | |a INST |b LESVOS |e 20060308 |h 306.2 BAL |p 005100034714 |q 005100034714 |t BK |y 0 | ||
| 901 | |a BIBL1-2006-1 | ||
| 909 | |a Λ |b 126055 | ||
| 970 | |a ΚΑΡΑ |b ΓΙΑΣΕΜΗ |z 2006/03/08 | ||